• 首页
  • 本馆介绍
  • 公告通知
  • 最新文献
  • 馆藏检索
  • 电子资源
  • 读者导购
  • 参考咨询
  • 我的图书馆
  • 登录
  • 详细信息显示
  • 放入我的书架
  • 预约/预借图书
  • 作者相关作品
  • 分类相关作品
  • 丛书相关作品
  • 出版社相关作品

书目信息

  • 表格格式
  • 工作单格式
  • 卡片格式
题名:
我能自己做
    
 
作者: 王轶美 著 ;王蔚 绘
分册:   准备好, 出去玩
出版信息: 北京   中国纺织出版社有限公司  2020.11
页数: 23页
开本: 21cm
丛书名: 0-3岁行为习惯与性格培养绘本
单 册:
中图分类: H319.4 , I287.8 , G611:H31
科图分类:
主题词: 教育--各级--汉语--对照读物 , 儿童故事--图画故事--中国--当代
电子资源:
ISBN: 978-7-5180-7849-3
000 01447nam2 2200337 45
001 012001001464
005 20210923151920.73
010    @a978-7-5180-7849-3@dCNY8.20
100    @a20210223d2020 bc y0chiy0110 ea
101 0  @achi@aeng
102    @aCN@b110000
105    @aa z 000yy
106    @ar
200 1  @a我能自己做@Awo neng zi ji zuo@i准备好, 出去玩@f王轶美著@g王蔚绘
210    @a北京@c中国纺织出版社有限公司@d2020.11
215    @a23页@c图@d21cm
225 2  @a0-3岁行为习惯与性格培养绘本
300    @a其他题名:准备好,出去玩
330    @a近年来,越来越多的家庭认识到亲子阅读的重要性。幼儿时期是培养良好阅读兴趣的关键期。我们可以通过图画书阅读,由图到文,由浅入深,让孩子享受到阅读的乐趣,真正地喜欢上阅读,并把这种愉快的经验延伸到未来的成长阶段。本系列故事由上海市作家协会会员、冰心儿童文学奖得主主笔,曾作为幼儿园教材,在实际应用中取得了较好的效果。故事通过简单的画面,不断重复的语言,可操作性强的文字,清晰而又步骤明确的插图,让孩子跟着图来学习,教孩子自己动手,提高生活自理能力。
410  0 @12001 @a0-3岁行为习惯与性格培养绘本
461  0 @12001 @a0-3岁行为习惯与性格培养绘本
517 1  @a准备好,出去玩
606 0  @a教育@x各级@x汉语@j对照读物
606 0  @a儿童故事@x图画故事@y中国@z当代
690    @aH319.4@v5
690    @aI287.8@v5
690    @aG611:H31@v3
701  0 @a王轶美@Awang yi mei@4著
702  0 @a王蔚@Awang wei@4绘
801    @aCN@bAHXH@c20210922
905    @b1248598-602@dG611:H31@e1867:3@f5
    
    我能自己做.准备好, 出去玩/王轶美著/王蔚绘.-北京:中国纺织出版社有限公司,2020.11
    23页:图;21cm.-(0-3岁行为习惯与性格培养绘本)
    其他题名:准备好,出去玩
    
    ISBN 978-7-5180-7849-3:CNY8.20
    近年来,越来越多的家庭认识到亲子阅读的重要性。幼儿时期是培养良好阅读兴趣的关键期。我们可以通过图画书阅读,由图到文,由浅入深,让孩子享受到阅读的乐趣,真正地喜欢上阅读,并把这种愉快的经验延伸到未来的成长阶段。本系列故事由上海市作家协会会员、冰心儿童文学奖得主主笔,曾作为幼儿园教材,在实际应用中取得了较好的效果。故事通过简单的画面,不断重复的语言,可操作性强的文字,清晰而又步骤明确的插图,让孩子跟着图来学习,教孩子自己动手,提高生活自理能力。
●
相关链接 在E读中查询图书 在五车中查询图书 在当当中查询图书 在豆瓣中查询图书


正题名:我能自己做     索取号:G611:H31/1867:3         预约/预借

序号 登录号 条形码 馆藏地/架位号 状态 备注
1 1248598   212485988   第一样本阅览室/ [索取号:G611:H31/1867:3] 在馆    
2 1248599   212485997   教育系资料室/ [索取号:G611:H31/1867:3] 在馆    
3 1248600   212486004   教育系资料室/ [索取号:G611:H31/1867:3] 在馆    
4 1248601   212486013   第四借阅区/ [索取号:G611:H31/1867:3] 在馆    
5 1248602   212486022   教育系资料室/ [索取号:G611:H31/1867:3] 在馆    
唐山师范学院图书馆 欢迎您!
大连网信软件有限公司© 版权所有